000 00778nam a2200205 a 4500
001 000028729
003 AM-YEHGA
005 20250618070922.0
008 001214s1962 xxu 000 0 arm u
040 _aAM-YeHGA
041 0 _aarm
100 1 _aԹովմասյան, Արշակ Թովմասի,
_d1913-1996
_91081
245 1 0 _aՊետությունը կոմունիզմի ծավալուն կառուցման ժամանակաշրջանում /
_cԱ.Թ. Թովմասյան.
260 _aԵրևան :
_bԱ.հ.,
_c1962.
300 _a43 էջ
650 1 4 _aԿոմունիստական կուսակցություն
710 2 _aՔաղաքական և գիտական գիտելիքների տարածման ընկերություն ՀՍՍՌ
942 _2udc
_cBK
090 _c12845
999 _c12746
_d12746